Equipe de France 98 - Statistiques

Statistiques générales
  • Ce quiz a été pris 694 fois
  • Le résultat moyen est 16 sur 22
Statistiques - réponses
Hint Réponse % Correct
10 Zinedine Zidane
98%
16 Fabien Barthez
97%
5 Laurent Blanc
92%
12 Thierry Henry
92%
17 Emmanuel Petit
91%
3 Bixente Lizarazu
89%
7 Didier Deschamps
89%
15 Lilian Thuram
88%
20 David Trézéguet
78%
6 Youri Djorkaeff
75%
1 Bernard Lama
73%
21 Christophe Dugarry
70%
18 Franck Leboeuf
70%
9 Stéphane Guivarc'h
70%
19 Christian Karembeu
64%
8 Marcel Dessailly
63%
11 Robert Pirès
62%
4 Patrick Vieira
61%
22 Lionel Charbonnier
49%
2 Vincent Candela
48%
13 Bernard Diomède
44%
14 Alain Boghossian
39%
Aucun quiz correspondant
Distribution des résultats
% des personnes avec chaque résultat
Percentile par nombre de réponses
Votre historique - résultats
Vous n’avez pas pris ce quiz